| 000 | 01044nam0a22002771 4500 | ||
|---|---|---|---|
| 001 | v19\rc\1398707 | ||
| 005 | 20250618100153.0 | ||
| 035 | _a(NLR Aleph) 004529576 | ||
| 090 |
_a1850764 _c1850764 |
||
| 100 | _a20060512d1881 |||y0rusy50 ca | ||
| 101 | 0 | _arus | |
| 102 | _aRU | ||
| 105 | _ay z ||||| | ||
| 200 | 1 |
_aЖитие преподобного Герасима, на Иордане _eПамять его празднуется церковию в 4 день м-ца марта _f[Соч.] Д....на М....ва |
|
| 210 |
_aМосква _cВ.В. Пономарев _d1881 |
||
| 215 |
_a32 с. _d17 |
||
| 300 | _aЗагл. обл.: Жизнь преподобного Герасима на Иордане | ||
| 512 | 0 | _aЖизнь преподобного Герасима на Иордане | |
| 702 | 0 |
_aД...н М...в _4220 |
|
| 702 | 0 |
_aГерасим _cсв. _f-475 _4570 |
|
| 801 | 0 |
_aRU _bNLR _gpsbo |
|
| 801 | 0 |
_aRU _bRuMoRGB _2psbo |
|
| 801 | 1 |
_aRU _bProSoft-M _2rusmarc |
|
| 852 |
_aNLR _j18.240.6.374 |
||
| 942 | _cBOOK | ||
| 980 | _aNB | ||